zpět

Detail výsledku týmu

KARLOS bar - Běchovice, Praha

Datum a čas kvízu

29.5 Celkem bodů Celkový počet nahraných bodů na tomto kvízu bez doplňovacích otázek.
1. Pořadí na kvízu Konečné umístění týmu na tomto kvízu.

Zaznamenané odpovědi

# Otázka Odpověď Body Výsledky
1. Mimořádně cenné záběry z jisté... 1
2. Dánsko chce na hranicích s Něm... 1
3. Kdo poslouchal dne 21. března... 1
4. Majitelé účtů v České spořitel... 0
5. Ačkoli sportovní novináři i fa... 1
6. Budeme se zabývat slovy, která... 0
7. Bezpečnostní informační služba... 1
8. Který známý japonský spisovate... 0
9. Logo které mezinárodní organiz... 1
10. Na fotce je zobrazen hrad, kte... 1